000 00583nam a2200205Ia 4500
005 20250508153645.0
008 008 250505s9999 xx 000 0 eng d
037 _aTextual
040 _aFEDL
_beng
_cFEDL
041 _aeng
_2eng
084 _a370.15, JOR
_qFEDL
100 _aJordan A. M.
245 0 _aEducational psychology : Growth and learning
250 _a4th
260 _aNew York, USA
_bHenry Holt and Company
_c1956
300 _aviii,600p.
650 _aEducation - Psychology
_9755527
942 _cTEXL
_h370.15, JOR
999 _c1344653
_d1344653